<?xml version="1.0" encoding="UTF-8"?><?xml-stylesheet type="text/xsl" href="static/style.xsl"?><OAI-PMH xmlns="http://www.openarchives.org/OAI/2.0/" xmlns:xsi="http://www.w3.org/2001/XMLSchema-instance" xsi:schemaLocation="http://www.openarchives.org/OAI/2.0/ http://www.openarchives.org/OAI/2.0/OAI-PMH.xsd"><responseDate>2026-04-13T00:48:25Z</responseDate><request verb="GetRecord" identifier="oai:www.recercat.cat:2117/336525" metadataPrefix="marc">https://recercat.cat/oai/request</request><GetRecord><record><header><identifier>oai:recercat.cat:2117/336525</identifier><datestamp>2026-01-17T01:10:18Z</datestamp><setSpec>com_2072_1033</setSpec><setSpec>col_2072_452949</setSpec></header><metadata><record xmlns="http://www.loc.gov/MARC21/slim" xmlns:dcterms="http://purl.org/dc/terms/" xmlns:xsi="http://www.w3.org/2001/XMLSchema-instance" xmlns:doc="http://www.lyncode.com/xoai" xsi:schemaLocation="http://www.loc.gov/MARC21/slim http://www.loc.gov/standards/marcxml/schema/MARC21slim.xsd">
   <leader>00925njm 22002777a 4500</leader>
   <datafield ind2=" " ind1=" " tag="042">
      <subfield code="a">dc</subfield>
   </datafield>
   <datafield ind2=" " ind1=" " tag="720">
      <subfield code="a">Pena, Marília</subfield>
      <subfield code="e">author</subfield>
   </datafield>
   <datafield ind2=" " ind1=" " tag="720">
      <subfield code="a">Sánchez, Fernanda G.</subfield>
      <subfield code="e">author</subfield>
   </datafield>
   <datafield ind2=" " ind1=" " tag="260">
      <subfield code="c">2020-06</subfield>
   </datafield>
   <datafield ind2=" " ind1=" " tag="520">
      <subfield code="a">Apoiadas em princípios de caráter patriarcal, crenças e costumes produziram, ao longo da história, relações desiguais de gênero. Mediante correspondência entre comportamentos generificados, originados nas cidades e reverberados em edifícios de uso coletivo, pretende-se construir uma reflexão acerca da vivência feminina nos estádios de futebol e compreender as possibilidades de uso e afeto das mulheres nesses edifícios ditos masculinos, bem como no espaço público a eles relacionado, por meio de metodologia de base bibliográfica. Sustenta-se que, mesmo com o aumento do público feminino nos estádios, há entraves e preconceitos que, associados aos dificultadores existentes no espaço público, limitam usos e desencadeiam experiências conflitivas. Este artigo propõe uma avaliação da formação dos estádios e sua sociabilidade, por meio do questionamento das regulamentações instituídas e dos discursos e negociações ligados ao seu ethos, como contribuição para o avanço da reflexão crítica acerca das relações de gênero nas cidades contemporâneas.</subfield>
   </datafield>
   <datafield ind2=" " ind1=" " tag="520">
      <subfield code="a">Supported by patriarchal principles, beliefs and customs have historically produced gender inequality. Through correspondence between gendered behaviors, originated in the cities and reverberated in collective buildings, it is intended to build a reflection on the female experience in football stadiums and to understand the possibilities of use and affection of women in these so-called male buildings, as well as in the public space related to them, through bibliographic based methodology. It is maintained that, even with the increase of the female public in the stadiums, there are obstacles and prejudices that, associated to the existing difficulties in the public space, limit uses and trigger conflicting experiences. This article proposes an evaluation of the formation of stadiums and their sociability, through the questioning of the instituted regulations and the speeches and negotiations related to their ethos, as a contribution to the advancement of critical reflection about gender relations in contemporary cities.</subfield>
   </datafield>
   <datafield ind2=" " ind1=" " tag="520">
      <subfield code="a">Peer Reviewed</subfield>
   </datafield>
   <datafield tag="653" ind2=" " ind1=" ">
      <subfield code="a">Àrees temàtiques de la UPC::Urbanisme</subfield>
   </datafield>
   <datafield tag="653" ind2=" " ind1=" ">
      <subfield code="a">Women and city planning -- Brazil -- Rio de Janeiro</subfield>
   </datafield>
   <datafield tag="653" ind2=" " ind1=" ">
      <subfield code="a">Stadiums -- Brazil -- Rio de Janeiro</subfield>
   </datafield>
   <datafield tag="653" ind2=" " ind1=" ">
      <subfield code="a">Gênero</subfield>
   </datafield>
   <datafield tag="653" ind2=" " ind1=" ">
      <subfield code="a">Espaço público</subfield>
   </datafield>
   <datafield tag="653" ind2=" " ind1=" ">
      <subfield code="a">Estádio</subfield>
   </datafield>
   <datafield tag="653" ind2=" " ind1=" ">
      <subfield code="a">Rio de Janeiro</subfield>
   </datafield>
   <datafield tag="653" ind2=" " ind1=" ">
      <subfield code="a">Gender</subfield>
   </datafield>
   <datafield tag="653" ind2=" " ind1=" ">
      <subfield code="a">Public space</subfield>
   </datafield>
   <datafield tag="653" ind2=" " ind1=" ">
      <subfield code="a">Stadium</subfield>
   </datafield>
   <datafield tag="653" ind2=" " ind1=" ">
      <subfield code="a">Dones i urbanisme -- Brasil -- Rio de Janeiro</subfield>
   </datafield>
   <datafield tag="653" ind2=" " ind1=" ">
      <subfield code="a">Estadis esportius -- Brasil -- Rio de Janeiro</subfield>
   </datafield>
   <datafield ind2="0" ind1="0" tag="245">
      <subfield code="a">O espaço público e suas territorialidades: a experiência das mulheres nos estádios de futebol</subfield>
   </datafield>
   <datafield ind2="0" ind1="0" tag="245">
      <subfield code="a">Public Space and its territorialities: the experience of women in soccer stadiums</subfield>
   </datafield>
</record></metadata></record></GetRecord></OAI-PMH>